000 00449nam a2200193Ia 4500
005 20250603144806.0
008 250603s9999 xx 000 0 und d
020 _a 0131542400
050 _aHD 30.4 .W46/
100 _a David A. Whetten
245 0 _aDeveloping management skills
250 _a6th ed.
260 _aUpper Saddle
260 _bPrentice Hall
260 _c2005
300 _a697 p
650 _aUpper Saddle
942 _cBK
999 _c39961
_d39961